[Event "Belgrade Trophy 21st"]
[Site "Obrenovac"]
[Date "2008.12.03"]
[Round "7"]
[White "Belotelov, Denis"]
[Black "Zivkovic, Dejan"]
[Result "0-1"]
[WhiteElo "2292"]
[BlackElo "2162"]
[PlyCount "135"]
[EventDate "2008.11.27"]
[EventType "swiss"]
[EventRounds "9"]
[EventCountry "YUG"]
[SourceTitle "CBM 127 Extra"]
[Source "ChessBase"]
[SourceDate "2009.01.08"]
[SourceVersion "2"]
[SourceVersionDate "2009.01.28"]
[SourceQuality "1"]

1. d4 Nf6 2. Bg5 d5 3. e3 c6 4. Bxf6 exf6 5. c4 Be6 6. cxd5 cxd5 7. Qb3 Qd7 8. Nc3 Nc6 9. g3 Bb4 10. Nge2 Rd8 11. Nf4 0-0 12. Rc1 Rfe8 13. Bg2 Bxc3+ 14. Qxc3 Rc8 15. Qd2 Ne7 16. 0-0 Rxc1 17. Rxc1 Rc8 18. Rc5 b6 19. Rc3 Qd6 20. Qc1 Rxc3 21. Qxc3 f5 22. h4 g6 23. Bf1 Bd7 24. b4 h6 25. Ba6 g5 26. hxg5 hxg5 27. Nd3 f6 28. a3 Kf7 29. Qc1 Ng6 30. Kg2 Ne7 31. Qc2 Ke8 32. Qe2 Kf7 33. Qc2 Nc6 34. Ne1 Ne7 35. Bd3 Qc6 36. Qxc6 Bxc6 37. Nf3 Ke6 38. Nd2 Be8 39. Nb1 Bd7 40. Nc3 Nc6 41. f4 g4 42. Bb1 Ne7 43. Bd3 Nc8 44. Ba6 Ne7 45. Bb7 Kd6 46. Kf2 Bc6 47. Ba6 Kc7 48. Ke1 Nc8 49. Bxc8 Kxc8 50. b5 Bb7 51. Kd2 Kd7 52. Kc2 Kd6 53. Kb3 Bc8 54. a4 Bd7 55. Kb4 Be8 56. Nd1 Bd7 57. Kc3 Kc7 58. Nb2 Kd6 59. Kb3 Bc8 60. Nd3 Bd7 61. Ne1 Be8 62. Kb4 Bd7 63. Ng2 Be8 64. Nh4 Ke6 65. Kc3 Bf7 66. e4 dxe4 67. d5+ Kxd5 68. Nxf5 0-1

[Event "Pula op 18th"]
[Site "Pula"]
[Date "2004.06.23"]
[Round "6"]
[White "Tratar, Marko"]
[Black "Belotelov, Denis"]
[Result "1-0"]
[WhiteElo "2452"]
[BlackElo "2291"]
[PlyCount "69"]
[EventDate "2004.06.19"]
[EventType "swiss"]
[EventRounds "9"]
[EventCountry "CRO"]
[SourceTitle "CBM 100 Extra"]
[Source "ChessBase"]
[SourceDate "2004.07.06"]
[SourceVersion "2"]
[SourceVersionDate "2004.07.06"]
[SourceQuality "1"]

1. Nf3 g6 2. c4 Bg7 3. d4 c5 4. e4 Qa5+ 5. Nc3 d6 6. Rb1 Bg4 7. d5 Nd7 8. Bd2 Ne5 9. Be2 Bxf3 10. gxf3 Nf6 11. Qb3 Qc7 12. Nb5 Qb8 13. f4 Ned7 14. Qe3 0-0 15. h4 a6 16. Nc3 Re8 17. h5 e6 18. hxg6 fxg6 19. dxe6 Rxe6 20. Qh3 Nf8 21. f5 Re8 22. fxg6 hxg6 23. Qg2 Qc7 24. Kf1 Qf7 25. Kg1 Ne6 26. Rh3 Nd4 27. Bd3 Nh5 28. Nd5 Re6 29. Kh1 Rf8 30. f4 b5 31. Rg1 b4 32. Qg4 Nf6 33. Qh4 Rb8 34. f5 gxf5 35. Qh8# 1-0

[Event "Pula op 18th"]
[Site "Pula"]
[Date "2004.06.21"]
[Round "2"]
[White "Savic, Miodrag R"]
[Black "Belotelov, Denis"]
[Result "1-0"]
[WhiteElo "2529"]
[BlackElo "2291"]
[PlyCount "49"]
[EventDate "2004.06.19"]
[EventType "swiss"]
[EventRounds "9"]
[EventCountry "CRO"]
[SourceTitle "CBM 100 Extra"]
[Source "ChessBase"]
[SourceDate "2004.07.06"]
[SourceVersion "2"]
[SourceVersionDate "2004.07.06"]
[SourceQuality "1"]

1. e4 g6 2. d4 Bg7 3. Nc3 c6 4. Be3 d6 5. Qd2 b5 6. Bd3 Nd7 7. Nf3 Qc7 8. h3 Ngf6 9. Bh6 0-0 10. h4 Bxh6 11. Qxh6 Ng4 12. Qg5 Nb6 13. h5 f6 14. Qd2 e5 15. hxg6 hxg6 16. dxe5 Nxe5 17. Nxe5 dxe5 18. 0-0-0 Be6 19. Rh6 Qg7 20. Rdh1 g5 21. Ne2 Rad8 22. Ng3 Nc4 23. Bxc4 bxc4 24. Qe2 g4 25. Qe3 1-0

[Event "Pula op 16th"]
[Site "Pula"]
[Date "2002.05.19"]
[Round "9"]
[White "Sebestyen, Balazs"]
[Black "Belotelov, Denis"]
[Result "1-0"]
[WhiteElo "2171"]
[BlackElo "2331"]
[PlyCount "87"]
[EventDate "2002.05.12"]
[EventType "swiss"]
[EventRounds "9"]
[EventCountry "CRO"]
[SourceTitle "CBM 088 Extra"]
[Source "ChessBase"]
[SourceDate "2002.07.01"]
[SourceVersion "2"]
[SourceVersionDate "2002.07.01"]
[SourceQuality "1"]

1. d4 g6 2. e4 Bg7 3. c3 d6 4. Nf3 Nf6 5. Bd3 0-0 6. 0-0 c5 7. Nbd2 Qc7 8. Re1 e5 9. dxe5 dxe5 10. h3 Nc6 11. Qc2 h6 12. a4 b6 13. Nc4 Be6 14. Be3 Rad8 15. Nfd2 Nh5 16. f3 Kh7 17. Rad1 Qe7 18. Bf2 Bf6 19. Ne3 Nf4 20. Bf1 h5 21. Kh2 h4 22. Bc4 Bg5 23. Bxe6 Qxe6 24. Ndc4 Nh5 25. Rxd8 Rxd8 26. Rd1 Bf4+ 27. Kg1 Bg3 28. Rxd8 Nxd8 29. Qd2 Bxf2+ 30. Kxf2 Nc6 31. Qd5 Nf6 32. Qxe6 fxe6 33. Ng4 Nd7 34. Ke3 g5 35. Kd3 Kg7 36. Nd6 Ne7 37. Kc4 Ng6 38. Kb5 Nf4 39. Kc6 Nf6 40. Ne3 Nd3 41. Ndc4 g4 42. Nxg4 Nxg4 43. fxg4 Nf4 44. Kb7 1-0

[Event "Pula op 16th"]
[Site "Pula"]
[Date "2002.05.18"]
[Round "8"]
[White "Belotelov, Denis"]
[Black "Cooke, Eric"]
[Result "1-0"]
[WhiteElo "2331"]
[BlackElo "2220"]
[PlyCount "77"]
[EventDate "2002.05.12"]
[EventType "swiss"]
[EventRounds "9"]
[EventCountry "CRO"]
[SourceTitle "CBM 088 Extra"]
[Source "ChessBase"]
[SourceDate "2002.07.01"]
[SourceVersion "2"]
[SourceVersionDate "2002.07.01"]
[SourceQuality "1"]

1. d4 Nf6 2. c4 c5 3. d5 b5 4. Nf3 d6 5. Qc2 g6 6. e4 Nbd7 7. cxb5 a6 8. Nc3 Bg7 9. a4 axb5 10. Bxb5 Ba6 11. Ra3 0-0 12. 0-0 Ra7 13. Bd2 Nb6 14. Qd3 Qa8 15. Rfa1 Rc8 16. h3 Ne8 17. Qc2 Nc7 18. Bc6 Bb7 19. Nb5 Ra6 20. Nxc7 Rxc7 21. Bb5 Ra7 22. a5 Nd7 23. a6 Bc8 24. Ba5 c4 25. Bxc7 Rxc7 26. Bxd7 Bxd7 27. a7 f5 28. Qd2 fxe4 29. Nd4 Bc8 30. Ne6 Bxe6 31. dxe6 Rc8 32. R1a2 Be5 33. Ra6 d5 34. Rb6 d4 35. Rb5 Bf6 36. Qf4 g5 37. Qb8 d3 38. Qxc8+ Qxc8 39. Rb8 1-0

[Event "Biel MTO op"]
[Site "Biel"]
[Date "2001.08.03"]
[Round "11"]
[White "Yagupov, Igor"]
[Black "Belotelov, Denis"]
[Result "1-0"]
[WhiteElo "2444"]
[BlackElo "2308"]
[PlyCount "121"]
[EventDate "2001.07.23"]
[EventType "swiss"]
[EventRounds "11"]
[EventCountry "SUI"]
[SourceTitle "CBM 083 Extra"]
[Source "ChessBase"]
[SourceDate "2001.09.11"]
[SourceVersion "1"]
[SourceVersionDate "2001.09.11"]
[SourceQuality "1"]

1. e4 e5 2. Nf3 Nc6 3. Bb5 a6 4. Ba4 d6 5. c3 Bg4 6. h3 Bxf3 7. Qxf3 Qf6 8. Qe2 Qg6 9. 0-0 Nf6 10. d3 Be7 11. Nd2 0-0 12. Re1 Nh5 13. Nf3 Nd8 14. Bd1 Nf4 15. Bxf4 exf4 16. Nd4 c5 17. Nf5 Nc6 18. Bb3 Qf6 19. Bd5 g6 20. Nh6+ Kh8 21. Ng4 Qg7 22. Nh2 Bf6 23. Rad1 h5 24. Nf3 Rae8 25. Bxc6 bxc6 26. d4 cxd4 27. cxd4 g5 28. e5 Bd8 29. Nh2 Qg6 30. Qxa6 dxe5 31. dxe5 g4 32. Qd3 Qg5 33. hxg4 hxg4 34. g3 fxg3 35. Qxg3 Rg8 36. Rd4 f5 37. Qf4 Qh5 38. Rd6 Bg5 39. Qd4 Ref8 40. Nf1 Rg7 41. Ng3 Qh3 42. Rf6 Bxf6 43. exf6 Rgf7 44. Nxf5 g3 45. Nxg3 Rg8 46. Re4 Rxg3+ 47. fxg3 Qxg3+ 48. Kf1 Qf3+ 49. Ke1 Rxf6 50. Rh4+ Kg7 51. Qg4+ Qxg4 52. Rxg4+ Kf7 53. Rg2 Ke6 54. Rd2 Rf5 55. Kd1 Rc5 56. a3 Rc4 57. Rc2 Kd5 58. Rxc4 Kxc4 59. Kc2 c5 60. b3+ Kb5 61. Kc3 1-0

[Event "Biel MTO op"]
[Site "Biel"]
[Date "2001.08.02"]
[Round "10"]
[White "Pikula, Dejan"]
[Black "Belotelov, Denis"]
[Result "1-0"]
[WhiteElo "2458"]
[BlackElo "2308"]
[PlyCount "53"]
[EventDate "2001.07.23"]
[EventType "swiss"]
[EventRounds "11"]
[EventCountry "SUI"]
[SourceTitle "CBM 083 Extra"]
[Source "ChessBase"]
[SourceDate "2001.09.11"]
[SourceVersion "1"]
[SourceVersionDate "2001.09.11"]
[SourceQuality "1"]

1. e4 g6 2. d4 Bg7 3. Nc3 c6 4. Be3 d5 5. Qd2 e6 6. Nf3 b6 7. 0-0-0 a5 8. h4 h6 9. e5 Ba6 10. h5 g5 11. Nh2 f5 12. exf6 Nxf6 13. f4 gxf4 14. Bxf4 Nxh5 15. Bxb8 Qxb8 16. Bxa6 b5 17. Qe3 Kd7 18. Rhf1 Bf6 19. Qh3 Bg5+ 20. Kb1 Nf4 21. Qg4 Rxa6 22. g3 Ng6 23. Rf7+ Ne7 24. Re1 Qd6 25. Nf3 Raa8 26. Ne5+ Ke8 27. Rf3 1-0

[Event "Biel MTO op"]
[Site "Biel"]
[Date "2001.07.27"]
[Round "5"]
[White "Belotelov, Denis"]
[Black "Beshukov, Sergei"]
[Result "1-0"]
[WhiteElo "2308"]
[BlackElo "2482"]
[PlyCount "119"]
[EventDate "2001.07.23"]
[EventType "swiss"]
[EventRounds "11"]
[EventCountry "SUI"]
[SourceTitle "CBM 083 Extra"]
[Source "ChessBase"]
[SourceDate "2001.09.11"]
[SourceVersion "1"]
[SourceVersionDate "2001.09.11"]
[SourceQuality "1"]

1. d4 d5 2. c4 e6 3. Nc3 c6 4. e4 Bb4 5. cxd5 exd5 6. e5 Ne7 7. Nf3 c5 8. a3 Bxc3+ 9. bxc3 Nbc6 10. Be2 h6 11. 0-0 c4 12. a4 0-0 13. Rb1 b6 14. Ba3 Re8 15. Nd2 Be6 16. Re1 Ng6 17. g3 Qd7 18. Nf1 Nge7 19. f4 Na5 20. g4 f5 21. exf6 gxf6 22. Ng3 Kh8 23. g5 Nf5 24. Bh5 Rg8 25. Bg4 fxg5 26. Rxe6 Qxe6 27. Bxf5 Qe3+ 28. Kh1 gxf4 29. Bc1 Qf2 30. Qh5 Qe1+ 31. Kg2 Rxg3+ 32. hxg3 Qxg3+ 33. Kf1 Qg5 34. Qf7 Qg7 35. Qxg7+ Kxg7 36. Rb5 Rd8 37. Bxf4 Nc6 38. Kg2 Ne7 39. Be5+ Kf7 40. Bg4 Rg8 41. Kf3 Ng6 42. Bh5 Ke6 43. Bxg6 Rxg6 44. a5 bxa5 45. Rxa5 Rg1 46. Rxa7 Rd1 47. Kf4 Rf1+ 48. Kg4 Rg1+ 49. Kf4 Rf1+ 50. Ke3 Rd1 51. Ra6+ Kf5 52. Ke2 Rh1 53. Rf6+ Kg5 54. Rf2 h5 55. Rh2 Rb1 56. Kf3 Rf1+ 57. Rf2 Rh1 58. Bf4+ Kf5 59. Bd2 Rg1 60. Rh2 1-0

[Event "Moscow-ch"]
[Site "Moscow"]
[Date "2001.??.??"]
[Round "9"]
[White "Belotelov, Denis"]
[Black "Ivanov, Victor L"]
[Result "0-1"]
[WhiteElo "2260"]
[BlackElo "2451"]
[PlyCount "80"]
[EventDate "2001.??.??"]
[EventType "swiss"]
[EventRounds "9"]
[EventCountry "RUS"]
[SourceTitle "EXT 2002"]
[Source "ChessBase"]
[SourceDate "2001.11.25"]
[SourceVersion "1"]
[SourceVersionDate "2001.11.25"]
[SourceQuality "1"]

1. d4 d5 2. c4 c6 3. Nf3 Nf6 4. Nc3 dxc4 5. e4 b5 6. e5 Nd5 7. a4 e6 8. Ng5 h6 9. Nge4 b4 10. Nb1 Ba6 11. Nbd2 Nf4 12. Qg4 Nd3+ 13. Bxd3 cxd3 14. 0-0 h5 15. Qf4 Be7 16. Nc5 Bxc5 17. dxc5 Qd5 18. Ne4 0-0 19. Re1 Nd7 20. Ng3 f6 21. Nxh5 Nxe5 22. Qg3 Rf7 23. Bh6 Nf3+ 24. Qxf3 Qxf3 25. gxf3 gxh6 26. Rxe6 Rd8 27. Rd1 Kf8 28. Ng3 Bc4 29. Rxc6 Bb3 30. Rd2 Bxa4 31. Rd6 Rxd6 32. cxd6 Bc2 33. Nf5 Rd7 34. Ne3 b3 35. Nc4 Kf7 36. Kg2 Ke6 37. Kg3 Kd5 38. Ne3+ Kc5 39. Nd1 Rxd6 40. Nc3 Ra6 0-1

[Event "Paks Atom Cup IM 5th"]
[Site "Paks"]
[Date "2000.08.28"]
[Round "10"]
[White "Papp, Gabor"]
[Black "Belotelov, Denis"]
[Result "0-1"]
[WhiteElo "2254"]
[BlackElo "2270"]
[PlyCount "96"]
[EventDate "2000.08.19"]
[EventType "tourn"]
[EventRounds "10"]
[EventCountry "HUN"]
[EventCategory "3"]
[SourceTitle "CBM 077 Extra"]
[Source "ChessBase"]
[SourceDate "2000.09.14"]
[SourceVersion "1"]
[SourceVersionDate "2000.09.14"]
[SourceQuality "1"]

1. e4 g6 2. d4 Bg7 3. Nc3 c6 4. Bc4 d6 5. Nf3 Nf6 6. Bb3 0-0 7. 0-0 Bg4 8. h3 Bxf3 9. Qxf3 e6 10. Bg5 h6 11. Bh4 Nbd7 12. Rad1 Qa5 13. Rfe1 Rfe8 14. Bg3 d5 15. Bd6 Qd8 16. e5 Nh7 17. Qe3 Nb6 18. f4 Nc8 19. Ba3 a5 20. Bd6 Nxd6 21. exd6 Qxd6 22. a4 b6 23. Kh1 Qd8 24. Ne2 Nf6 25. Ng3 h5 26. Nf1 Ne4 27. c3 Qh4 28. Re2 Bh6 29. g3 Qxh3+ 30. Rh2 Qf5 31. Bc2 Rad8 32. Re1 c5 33. dxc5 bxc5 34. Bxe4 Qxe4+ 35. Qxe4 dxe4 36. Rxe4 Rd1 37. Kg1 Rb8 38. g4 f5 39. Rxe6 Bxf4 40. Rf2 Kf7 41. gxf5 g5 42. Kg2 Rb1 43. Ree2 Kf6 44. Nd2 Ra1 45. Ne4+ Kxf5 46. Nxc5 h4 47. Ne6 h3+ 48. Kxh3 Rh8+ 0-1

[Event "Paks Atom Cup IM 5th"]
[Site "Paks"]
[Date "2000.08.27"]
[Round "9"]
[White "Belotelov, Denis"]
[Black "Bogdan, Dan"]
[Result "0-1"]
[WhiteElo "2270"]
[BlackElo "2331"]
[PlyCount "30"]
[EventDate "2000.08.19"]
[EventType "tourn"]
[EventRounds "10"]
[EventCountry "HUN"]
[EventCategory "3"]
[SourceTitle "CBM 077 Extra"]
[Source "ChessBase"]
[SourceDate "2000.09.14"]
[SourceVersion "1"]
[SourceVersionDate "2000.09.14"]
[SourceQuality "1"]

1. d4 Nf6 2. c4 g6 3. Nc3 Bg7 4. Nf3 0-0 5. Bg5 c6 6. e3 a6 7. Be2 d6 8. 0-0 b5 9. Nd2 Bb7 10. a3 Nbd7 11. b4 Nb6 12. Rc1 Rc8 13. a4 bxc4 14. a5 Nbd5 15. Nxc4 Nxc3 0-1

[Event "Paks Atom Cup IM 5th"]
[Site "Paks"]
[Date "2000.08.25"]
[Round "7"]
[White "Belotelov, Denis"]
[Black "Molnar, Bela"]
[Result "1-0"]
[WhiteElo "2270"]
[BlackElo "2373"]
[PlyCount "33"]
[EventDate "2000.08.19"]
[EventType "tourn"]
[EventRounds "10"]
[EventCountry "HUN"]
[EventCategory "3"]
[SourceTitle "CBM 077 Extra"]
[Source "ChessBase"]
[SourceDate "2000.09.14"]
[SourceVersion "1"]
[SourceVersionDate "2000.09.14"]
[SourceQuality "1"]

1. d4 d5 2. c4 e6 3. Nc3 c6 4. Nf3 dxc4 5. e4 b5 6. Be2 Bb7 7. 0-0 Bb4 8. a4 a6 9. e5 Ne7 10. Ne4 Nf5 11. g4 Qd5 12. Nc3 Bxc3 13. bxc3 Ne7 14. Nd2 0-0 15. Ba3 Re8 16. Bd6 bxa4 17. Rxa4 1-0

[Event "Bled op 21st"]
[Site "Bled"]
[Date "2000.03.26"]
[Round "2"]
[White "Belotelov, Denis"]
[Black "Atalik, Suat"]
[Result "0-1"]
[WhiteElo "2280"]
[BlackElo "2575"]
[PlyCount "82"]
[EventDate "2000.03.25"]
[EventType "swiss"]
[EventRounds "9"]
[EventCountry "SLO"]
[SourceTitle "EXT 2002"]
[Source "ChessBase"]
[SourceDate "2001.11.25"]
[SourceVersion "1"]
[SourceVersionDate "2001.11.25"]
[SourceQuality "1"]

1. d4 Nf6 2. Nf3 e6 3. c4 Bb4+ 4. Bd2 a5 5. Nc3 0-0 6. Bg5 h6 7. Bh4 d6 8. e3 Nbd7 9. Rc1 Bxc3+ 10. Rxc3 b6 11. Nd2 Bb7 12. Bd3 Bxg2 13. Rg1 Bb7 14. Bb1 Re8 15. f4 e5 16. fxe5 dxe5 17. d5 g5 18. e4 Nf8 19. Nf3 N6h7 20. Nxg5 hxg5 21. Bxg5 Nxg5 22. h4 Ng6 23. Rxg5 Kf8 24. Qh5 Qf6 25. Rf3 Nf4 26. Rxf4 Qxf4 27. Rf5 Qg3+ 28. Ke2 Re7 29. Bc2 Qg2+ 30. Ke3 a4 31. Rg5 Qh3+ 32. Kd2 Ke8 33. Bd1 Qh2+ 34. Kc3 Kd7 35. Bg4+ Kd6 36. Rf5 Qg3+ 37. Rf3 Qe1+ 38. Kd3 Qd1+ 39. Kc3 Qd4+ 40. Kc2 Qxe4+ 41. Rd3 Qg6 0-1

[Event "Bled op 21st"]
[Site "Bled"]
[Date "2000.03.25"]
[Round "1"]
[White "Tratar, Marko"]
[Black "Belotelov, Denis"]
[Result "1/2-1/2"]
[WhiteElo "2439"]
[BlackElo "2280"]
[PlyCount "85"]
[EventDate "2000.03.25"]
[EventType "swiss"]
[EventRounds "9"]
[EventCountry "SLO"]
[SourceTitle "CBM 075 Extra"]
[Source "ChessBase"]
[SourceDate "2000.05.11"]
[SourceVersion "2"]
[SourceVersionDate "2000.05.11"]
[SourceQuality "1"]

1. Nf3 g6 2. d4 Bg7 3. c4 d6 4. Nc3 Bg4 5. e3 Nc6 6. h3 Bd7 7. Bd3 e5 8. d5 Nb4 9. Bb1 a5 10. e4 Ne7 11. g4 0-0 12. a3 Na6 13. Bc2 Qb8 14. Rb1 c6 15. Bg5 f6 16. Be3 Kh8 17. dxc6 bxc6 18. c5 d5 19. exd5 cxd5 20. Nxd5 Nxd5 21. Qxd5 Qe8 22. Be4 Rc8 23. Qc4 Bb5 24. Qc2 f5 25. gxf5 gxf5 26. Bxf5 e4 27. Bxc8 Qxc8 28. Nd2 Bd3 29. Qc1 Nc7 30. Nc4 Qf5 31. Rg1 Qf3 32. Qd1 Bxc4 33. Qxf3 Rxf3 34. b4 a4 35. Rg3 Rf8 36. Rd1 Bd3 37. Bc1 Bc3+ 38. Bd2 Be5 39. Bh6 Bc3+ 40. Bd2 Bd4 41. Be3 Bg7 42. Bc1 Bc3+ 43. Bd2 1/2-1/2

[Event "Harkany"]
[Site "Harkany"]
[Date "2000.02.26"]
[Round "9"]
[White "Cooke, Eric"]
[Black "Belotelov, Denis"]
[Result "1/2-1/2"]
[WhiteElo "2266"]
[BlackElo "2280"]
[PlyCount "20"]
[EventDate "2000.02.17"]
[EventType "tourn"]
[EventRounds "9"]
[EventCountry "HUN"]
[EventCategory "3"]
[SourceTitle "EXT 2001"]
[Source "ChessBase"]
[SourceDate "2000.11.22"]
[SourceVersion "1"]
[SourceVersionDate "2000.11.22"]
[SourceQuality "1"]

1. e4 g6 2. d4 Bg7 3. Nc3 d6 4. h4 h5 5. a4 a6 6. Nf3 Nf6 7. Be2 b6 8. Bd2 Bb7 9. Bd3 Nbd7 10. Be3 Ng4 1/2-1/2

[Event "Harkany"]
[Site "Harkany"]
[Date "2000.02.20"]
[Round "4"]
[White "Belotelov, Denis"]
[Black "Krutti, Valer"]
[Result "0-1"]
[WhiteElo "2280"]
[BlackElo "2382"]
[PlyCount "78"]
[EventDate "2000.02.17"]
[EventType "tourn"]
[EventRounds "9"]
[EventCountry "HUN"]
[EventCategory "3"]
[SourceTitle "EXT 2001"]
[Source "ChessBase"]
[SourceDate "2000.11.22"]
[SourceVersion "1"]
[SourceVersionDate "2000.11.22"]
[SourceQuality "1"]

1. d4 Nf6 2. c4 e6 3. Nf3 b6 4. g3 Ba6 5. Qb3 c5 6. d5 g6 7. Nc3 Bg7 8. Bg2 exd5 9. cxd5 0-0 10. 0-0 d6 11. a4 Nbd7 12. Bf4 Re8 13. Qc2 Qe7 14. Rfe1 h6 15. Rad1 Ng4 16. h3 Nge5 17. Nd2 Nf6 18. Nf1 Rab8 19. Bc1 b5 20. axb5 Bxb5 21. f4 Ned7 22. Nxb5 Rxb5 23. e4 Reb8 24. Nd2 Nh5 25. e5 dxe5 26. Nc4 Nxg3 27. fxe5 Nf5 28. Bf4 Qh4 29. Qf2 Qxf2+ 30. Kxf2 Nb6 31. Rc1 g5 32. Bh2 Nxc4 33. Rxc4 Rxb2+ 34. Kg1 Nh4 35. Be4 Re8 36. Rxc5 Bxe5 37. Bxe5 Rxe5 38. Rcc1 Rxe4 39. Rxe4 Nf3+ 0-1

[Event "Harkany"]
[Site "Harkany"]
[Date "2000.02.17"]
[Round "1"]
[White "Belotelov, Denis"]
[Black "Molnar, Bela"]
[Result "1-0"]
[WhiteElo "2280"]
[BlackElo "2318"]
[PlyCount "51"]
[EventDate "2000.02.17"]
[EventType "tourn"]
[EventRounds "9"]
[EventCountry "HUN"]
[EventCategory "3"]
[SourceTitle "EXT 2001"]
[Source "ChessBase"]
[SourceDate "2000.11.22"]
[SourceVersion "1"]
[SourceVersionDate "2000.11.22"]
[SourceQuality "1"]

1. d4 Nf6 2. c4 c5 3. d5 b5 4. Nf3 e6 5. Bg5 Qa5+ 6. Nbd2 bxc4 7. e4 Nxe4 8. Bxc4 h6 9. Bf4 Bd6 10. Be3 Nxd2 11. Nxd2 Bb7 12. 0-0 exd5 13. Nb3 Qc7 14. Bxd5 Bxd5 15. Qxd5 0-0 16. h3 Na6 17. Rad1 Bh2+ 18. Kh1 Be5 19. Nxc5 Nxc5 20. Bxc5 Rfc8 21. b4 a5 22. a3 Rab8 23. f4 Bxf4 24. Qf5 d6 25. Rxf4 dxc5 26. Rd7 1-0

[Event "Budapest FS02 IM-B"]
[Site "Budapest"]
[Date "2000.02.15"]
[Round "11"]
[White "Belotelov, Denis"]
[Black "Medvegy, Nora"]
[Result "1/2-1/2"]
[WhiteElo "2280"]
[BlackElo "2275"]
[PlyCount "30"]
[EventDate "2000.02.05"]
[EventType "tourn"]
[EventRounds "11"]
[EventCountry "HUN"]
[EventCategory "4"]
[SourceTitle "CBM 074 Extra"]
[Source "ChessBase"]
[SourceDate "2000.03.10"]
[SourceVersion "2"]
[SourceVersionDate "2000.03.10"]
[SourceQuality "1"]

1. d4 d5 2. c4 e6 3. Nc3 Nf6 4. cxd5 exd5 5. Qc2 c6 6. Bg5 Nbd7 7. Nf3 Be7 8. e3 0-0 9. Bd3 Re8 10. 0-0 Nf8 11. a3 Ne4 12. Bxe7 Qxe7 13. Bxe4 dxe4 14. Nd2 f5 15. Nc4 Be6 1/2-1/2

[Event "Budapest FS02 IM-B"]
[Site "Budapest"]
[Date "2000.02.12"]
[Round "8"]
[White "Karatorossian, David"]
[Black "Belotelov, Denis"]
[Result "1-0"]
[WhiteElo "2345"]
[BlackElo "2280"]
[PlyCount "55"]
[EventDate "2000.02.05"]
[EventType "tourn"]
[EventRounds "11"]
[EventCountry "HUN"]
[EventCategory "4"]
[SourceTitle "CBM 074 Extra"]
[Source "ChessBase"]
[SourceDate "2000.03.10"]
[SourceVersion "2"]
[SourceVersionDate "2000.03.10"]
[SourceQuality "1"]

1. e4 g6 2. d4 Bg7 3. c3 d6 4. Nf3 Nf6 5. Bd3 0-0 6. 0-0 Nc6 7. h3 e5 8. dxe5 Nxe5 9. Nxe5 dxe5 10. Qe2 Nh5 11. Bc4 Qe7 12. Re1 c6 13. a4 Be6 14. Na3 Rfd8 15. Be3 Nf4 16. Bxf4 exf4 17. Rad1 Be5 18. Bxe6 Qxe6 19. Nc4 Bc7 20. Nd2 Qa2 21. Nf3 Qxa4 22. e5 Qb3 23. Nd4 Qd5 24. e6 Bb6 25. c4 Qd6 26. exf7+ Kxf7 27. Ne6 Qxd1 28. Ng5+ 1-0

[Event "Budapest FS02 IM-B"]
[Site "Budapest"]
[Date "2000.02.10"]
[Round "6"]
[White "Nemeth, Zoltan"]
[Black "Belotelov, Denis"]
[Result "0-1"]
[WhiteElo "2379"]
[BlackElo "2280"]
[PlyCount "56"]
[EventDate "2000.02.05"]
[EventType "tourn"]
[EventRounds "11"]
[EventCountry "HUN"]
[EventCategory "4"]
[SourceTitle "CBM 074 Extra"]
[Source "ChessBase"]
[SourceDate "2000.03.10"]
[SourceVersion "2"]
[SourceVersionDate "2000.03.10"]
[SourceQuality "1"]

1. c4 e5 2. e3 Nf6 3. Ne2 Nc6 4. a3 a5 5. Nbc3 Be7 6. g3 d5 7. cxd5 Nxd5 8. Bg2 Be6 9. 0-0 0-0 10. f4 Qd7 11. fxe5 Nxe5 12. d4 Ng4 13. Nxd5 Bxd5 14. Bh3 f5 15. Nc3 Bc4 16. Re1 Rad8 17. b3 Bf7 18. Rb1 h5 19. b4 axb4 20. axb4 h4 21. Bxg4 fxg4 22. Qd3 Be6 23. Bd2 Rf3 24. Ne2 Bd6 25. Rf1 Rdf8 26. Rxf3 Rxf3 27. gxh4 Qf7 28. Ra1 Bc4 0-1

[Event "Budapest FS02 IM-B"]
[Site "Budapest"]
[Date "2000.02.07"]
[Round "3"]
[White "Belotelov, Denis"]
[Black "Antal, Gergely"]
[Result "1/2-1/2"]
[WhiteElo "2280"]
[BlackElo "2339"]
[PlyCount "83"]
[EventDate "2000.02.05"]
[EventType "tourn"]
[EventRounds "11"]
[EventCountry "HUN"]
[EventCategory "4"]
[SourceTitle "CBM 074 Extra"]
[Source "ChessBase"]
[SourceDate "2000.03.10"]
[SourceVersion "2"]
[SourceVersionDate "2000.03.10"]
[SourceQuality "1"]

1. d4 f5 2. Nc3 Nf6 3. Bg5 e6 4. e4 fxe4 5. Nxe4 Be7 6. Bxf6 Bxf6 7. Qh5+ g6 8. Qh6 Nc6 9. Nf3 Nxd4 10. Nxd4 Bxd4 11. 0-0-0 Bf6 12. h4 Qe7 13. Nxf6+ Qxf6 14. h5 Rf8 15. Bd3 gxh5 16. Qxh5+ Qf7 17. Qh6 Qf4+ 18. Qxf4 Rxf4 19. f3 Rf7 20. Bxh7 Ke7 21. Rd4 d6 22. Rdh4 Bd7 23. Bg6 Rg7 24. Rh7 Rag8 25. Rxg7+ Rxg7 26. Rh7 Rxh7 27. Bxh7 e5 28. Kd2 Be6 29. a3 Kf6 30. Ke3 d5 31. c3 c5 32. Kf2 a5 33. Ke2 d4 34. Be4 b5 35. Kd2 Bd7 36. g3 Be6 37. Bc6 dxc3+ 38. Kxc3 b4+ 39. axb4 axb4+ 40. Kc2 c4 41. Kd2 Ke7 42. Be4 1/2-1/2

[Event "Budapest FS02 IM-B"]
[Site "Budapest"]
[Date "2000.02.05"]
[Round "1"]
[White "Seres, Lajos"]
[Black "Belotelov, Denis"]
[Result "1-0"]
[WhiteElo "2394"]
[BlackElo "2280"]
[PlyCount "51"]
[EventDate "2000.02.05"]
[EventType "tourn"]
[EventRounds "11"]
[EventCountry "HUN"]
[EventCategory "4"]
[SourceTitle "CBM 074 Extra"]
[Source "ChessBase"]
[SourceDate "2000.03.10"]
[SourceVersion "2"]
[SourceVersionDate "2000.03.10"]
[SourceQuality "1"]

1. d4 g6 2. c4 Bg7 3. Nc3 d6 4. g3 Nd7 5. Bg2 e5 6. Nf3 Ne7 7. 0-0 0-0 8. e4 exd4 9. Nxd4 Nc6 10. Nde2 Nde5 11. b3 f5 12. f4 Nf7 13. Bb2 fxe4 14. Qd2 e3 15. Qxe3 Ne7 16. Qd2 c6 17. Ne4 Nf5 18. g4 Bxb2 19. Qxb2 Ng7 20. Nf6+ Kh8 21. g5 Bf5 22. Ng3 Qc8 23. Rae1 Nd8 24. h4 Rf7 25. h5 gxh5 26. Nfxh5 1-0